000
00331nam a22001457a 4500
008
221012b ||||| |||| 00| 0 eng d
020
_a
9781594606243
041
_a
eng
080
_2
EIGHTH EDITION
_a
34
082
_a
34
100
_a
31.2
101
_a
JUR
245
_a
AMERICAN CONSTITUTIONAL LAW
_c
FISHER L
942
_2
udc
_c
BK
999
_c
58526
_d
58526